000 00518nam a22001697a 4500
005 20251108171233.0
008 250721s9999 xx 000 0 ara d
082 1 4 _aم/415/يعي
100 1 _aالحلبي، موفق الدين أبو البقاء...ابن يعيش
245 1 0 _aشرح المفصل /
264 1 _aبيروت :
_bعالم الكتب،
_c[19-].
300 _a10ج في 2 مج
650 1 7 _aاللغة العربية
650 1 7 _aالنحو والصرف
942 _2ddc
_cREF
999 _c60109
_d60109